00498 2200193 4500001002100000005001500021035002000036245003000056100001200086250001000098300003100108700005100139260003100190082000800221084001400229020000600243008003900249990001600288INLIS00000000000353120230106114751 a0010-01230000581 aUnsent Letters /cElcessa0 aElcessa aCet 1 a404 hlm :b- ;c14 x 20 cm0 aPenyunting: Septi Ws ; Perancang sampul: Aqsho aJakarta :bGramedia,c2017 a813 a813 ELC u a-230106 | | |  a00000003875